| 000 | 00853cab a2200265 4500 | ||
|---|---|---|---|
| 001 | WB3307-18 | ||
| 008 | 090401t1997 xxu||||| |||| 00| 0 eng d | ||
| 035 | _a(Sirsi) u49509 | ||
| 041 | _aeng | ||
| 245 | _aTories plan housing stock transfer | ||
| 260 | _c1997 | ||
| 350 | _a0 | ||
| 490 |
_aFinancial Times _v11 February 1997, 22 |
||
| 490 |
_aMunicipal Journal _v7 February 1997, 11(2) |
||
| 520 | _aA DoE consultation paper introduces a scheme that relates cash and credit for housing repairs and improvements to local authority plans to transfer all public housing to the private sector. | ||
| 650 | _aCIH | ||
| 650 | _aCOUNCIL HOUSING | ||
| 650 | _aDOE CONSULTATION PAPER | ||
| 650 | _aHOUSING STOCK TRANSFER | ||
| 650 | _aLOCAL AUTHORITIES | ||
| 650 | _aPUBLIC HOUSING | ||
| 690 | _aHOUSING | ||
| 942 | _n0 | ||
| 948 | _c04/03/1997 | ||
| 999 |
_c30986 _d30986 |
||